| 000 | 00793nam a22002177a 4500 | ||
|---|---|---|---|
| 005 | 20180803170343.0 | ||
| 008 | 161215b xxu||||| |||| 00| 0 spa d | ||
| 040 |
_aCO-BoIAVH _cCO-BoIAVH |
||
| 041 | _aspa | ||
| 044 | _abo | ||
| 082 |
_a333.95416 _bC79l |
||
| 111 | 2 |
_aCongreso Internacional Sobre Manejo de Fauna Silvestre en la Amazonia y América Latina _n(IX _d2010: _cSanta Cruz (Bolivia)) |
|
| 245 | 1 |
_aLibro de resúmenes IX cimfauna: _bSanta Cruz, Bolivia |
|
| 260 |
_aSanta Cruz (Bolivia) : _bUniversidad autónoma Gabriel Rene Moreno, _c. |
||
| 300 |
_a222 paginas _c21 x 14 |
||
| 650 | 1 | 4 |
_aFauna silvestre _xManejo _vCongreso |
| 650 | 2 | 6 | _aGenética |
| 650 | 2 | 6 | _aManejo comunitario |
| 650 | 2 | 4 | _aEcología y conservación |
| 942 |
_2ddc _cLIBRO |
||
| 999 |
_c19184 _d19184 |
||